000
00339pab a2200145 454500
008
180718b1997 xxu||||| |||| 00| 0 eng d
100
_a
Tripathi Rao, D.
245
_a
Status and direction of economic reforms
260
_c
1997
300
_a
p.25-26
362
_a
Nov
650
_a
Economic reform
773
_a
Yojana
909
_a
35618
999
_c
35618
_d
35618